<?xml version="1.0" encoding="UTF-8"?>
<record
    xmlns:xsi="http://www.w3.org/2001/XMLSchema-instance"
    xsi:schemaLocation="http://www.loc.gov/MARC21/slim http://www.loc.gov/standards/marcxml/schema/MARC21slim.xsd"
    xmlns="http://www.loc.gov/MARC21/slim">

  <leader>00915nam a22002412a 4500</leader>
  <controlfield tag="001">28644</controlfield>
  <controlfield tag="003">BD-RjUL</controlfield>
  <controlfield tag="005">20220622122039.0</controlfield>
  <controlfield tag="008">140331s2012    bg       b    000 0 ben d</controlfield>
  <datafield tag="035" ind1=" " ind2=" ">
    <subfield code="a">(BD-RjUL)28726</subfield>
  </datafield>
  <datafield tag="040" ind1=" " ind2=" ">
    <subfield code="a">DLC</subfield>
    <subfield code="c">DLC</subfield>
    <subfield code="d">EQO</subfield>
    <subfield code="d">BD-RjUL</subfield>
    <subfield code="b">eng</subfield>
  </datafield>
  <datafield tag="041" ind1=" " ind2=" ">
    <subfield code="a">ben</subfield>
  </datafield>
  <datafield tag="082" ind1="0" ind2="0">
    <subfield code="2">23</subfield>
    <subfield code="a">954.023</subfield>
    <subfield code="b">KAB 2012</subfield>
  </datafield>
  <datafield tag="100" ind1="1" ind2=" ">
    <subfield code="a">&#x995;&#x9B0;&#x9BF;&#x9AE;, &#x9AE;&#x9CB;&#x983; &#x986;&#x9AC;&#x9CD;&#x9A6;&#x9C1;&#x9B2;</subfield>
    <subfield code="9">42617</subfield>
  </datafield>
  <datafield tag="245" ind1="1" ind2="0">
    <subfield code="a">&#x9AC;&#x9BE;&#x982;&#x9B2;&#x9BE;&#x9AF;&#x9BC; &#x9AE;&#x9C1;&#x9B8;&#x9B2;&#x9BF;&#x9AE; &#x9B6;&#x9BE;&#x9B8;&#x9A8;&#x9C7;&#x9B0; &#x987;&#x9A4;&#x9BF;&#x9B9;&#x9BE;&#x9B8; &#x9E7;&#x9E8;&#x9E6;&#x9EA;-&#x9E7;&#x9ED;&#x9EB;&#x9ED; /</subfield>
    <subfield code="c">&#x9AE;&#x9CB;&#x983; &#x986;&#x9AC;&#x9CD;&#x9A6;&#x9C1;&#x9B2; &#x995;&#x9B0;&#x9BF;&#x9AE; , &#x9AE;&#x9CB;&#x983; &#x986;&#x9AC;&#x9C1;&#x9B2; &#x995;&#x9BE;&#x9B2;&#x9BE;&#x9AE;</subfield>
  </datafield>
  <datafield tag="260" ind1=" " ind2=" ">
    <subfield code="a">&#x9A2;&#x9BE;&#x995;&#x9BE;. :</subfield>
    <subfield code="b">&#x997;&#x9CD;&#x9B0;&#x9A8;&#x9CD;&#x9A5; &#x995;&#x9C1;&#x99F;&#x9BF;&#x9B0;.,</subfield>
    <subfield code="c">&#x9E8;&#x9E6;&#x9E7;&#x9E8;</subfield>
  </datafield>
  <datafield tag="300" ind1=" " ind2=" ">
    <subfield code="a">&#x9E9;&#x9EB;&#x9E7;&#x9AA;&#x9C3;. ;</subfield>
    <subfield code="c">&#x9E8;&#x9E8; &#x9B8;&#x9C7;&#x9AE;&#x9BF;.</subfield>
  </datafield>
  <datafield tag="490" ind1="0" ind2=" ">
    <subfield code="a">&#x964;</subfield>
  </datafield>
  <datafield tag="650" ind1=" " ind2="0">
    <subfield code="a">&#x9AE;&#x9C1;&#x9B8;&#x9B2;&#x9BF;&#x9AE; &#x9B6;&#x9BE;&#x9B8;&#x9A8;</subfield>
    <subfield code="9">42618</subfield>
    <subfield code="v">&#x987;&#x9A4;&#x9BF;&#x9B9;&#x9BE;&#x9B8;</subfield>
  </datafield>
  <datafield tag="650" ind1=" " ind2="0">
    <subfield code="a">Muslim rules</subfield>
    <subfield code="v">History</subfield>
    <subfield code="9">220471</subfield>
  </datafield>
  <datafield tag="942" ind1=" " ind2=" ">
    <subfield code="2">ddc</subfield>
    <subfield code="c">BK</subfield>
  </datafield>
  <datafield tag="999" ind1=" " ind2=" ">
    <subfield code="c">28644</subfield>
    <subfield code="d">28644</subfield>
  </datafield>
  <datafield tag="952" ind1=" " ind2=" ">
    <subfield code="0">0</subfield>
    <subfield code="1">0</subfield>
    <subfield code="2">ddc</subfield>
    <subfield code="4">0</subfield>
    <subfield code="7">1</subfield>
    <subfield code="8">NFIC</subfield>
    <subfield code="a">RUCL</subfield>
    <subfield code="b">RUCL</subfield>
    <subfield code="c">Reading</subfield>
    <subfield code="d">2017-04-16</subfield>
    <subfield code="e">Author</subfield>
    <subfield code="g">262.00</subfield>
    <subfield code="l">0</subfield>
    <subfield code="o">B 954.023 KAB 2012</subfield>
    <subfield code="r">2018-03-11 00:00:00</subfield>
    <subfield code="t">C-1</subfield>
    <subfield code="w">2021-12-09</subfield>
    <subfield code="y">BK</subfield>
  </datafield>
</record>
